Introductory econometrics (Record no. 16875)

MARC details
000 -LEADER
fixed length control field 00479nam a22001577a 4500
008 - FIXED-LENGTH DATA ELEMENTS--GENERAL INFORMATION
fixed length control field 180627b xxu||||| |||| 00| 0 eng d
020 ## - INTERNATIONAL STANDARD BOOK NUMBER
International Standard Book Number 0324323481
050 ## - LIBRARY OF CONGRESS CALL NUMBER
Classification number HB139
Item number .W66 2006 c. 1
100 ## - MAIN ENTRY--PERSONAL NAME
Personal name Wooldridge, Jeffrey M.
245 ## - TITLE STATEMENT
Title Introductory econometrics
Remainder of title a modern approach
Statement of responsibility, etc. Jeffrey M. Wooldridge
250 ## - EDITION STATEMENT
Edition statement 3rd ed.
260 ## - PUBLICATION, DISTRIBUTION, ETC. (IMPRINT)
Place of publication, distribution, etc. USA
Name of publisher, distributor, etc. Thomson Higher Education
Date of publication, distribution, etc. 2006
300 ## - PHYSICAL DESCRIPTION
Extent xxii, 890 p.
650 ## - SUBJECT ADDED ENTRY--TOPICAL TERM
Topical term or geographic name as entry element Econometrics
942 ## - ADDED ENTRY ELEMENTS (KOHA)
Source of classification or shelving scheme Library of Congress Classification
Koha item type General Collection
Edition 3rd ed.
Classification part HB139
Holdings
Withdrawn status Lost status Source of classification or shelving scheme Not for loan Home library Current library Date acquired Cost, normal purchase price Total Checkouts Total Renewals Full call number Barcode Date last seen Date last checked out Copy number Price effective from Koha item type
    Library of Congress Classification   Kabarak, Main Campus Kabarak, Main Campus 27/06/2018 5395.00 2 1 HB139 .W66 2006 c. 1 024943 02/08/2024 05/09/2022 c. 1 27/06/2018 General Collection
    Library of Congress Classification   Kabarak, Nakuru City Campus Kabarak, Nakuru City Campus 27/06/2018 5395.00 1 1 HB139 .W66 2006 c. 1 024942 23/08/2022 26/08/2019 c. 1 27/06/2018 General Collection
Designed with assistance from East African Informatics Ltd